Word Ladder: Arizona Quiz Stats

 Plays Quiz Updated May 7, 2018

Challenge
Share
Tweet
Embed
Score 0/20 Timer 02:00
0 Plays Today
Hint 4-Letter Word % Correct
The Maid of Orléans, ___ of ArcJOAN
98.7%
Money borrowed for a big purchaseLOAN
98.6%
Kidney, pinto, or lima, e.g.BEAN
98.2%
Go from ice to waterMELT
97.8%
Pork or chicken, e.g.MEAT
97.7%
● 6-term maverick Senator McCain ●●JOHN●
97%
To tilt or slope a positionLEAN
96.6%
Necklace componentBEAD
94.6%
● Lake ___, the largest US reservoir ●●MEAD●
93.6%
Dining hall on a military baseMESS
89.9%
Hint 4-Letter Word % Correct
Burrowing animalMOLE
89.9%
Shed unwanted furMOLT
89.6%
Huge, in prefix formMEGA
87.6%
● The 3rd largest city in Arizona ●●MESA●
87.6%
Trump's campaign slogan, in shortMAGA
82.9%
Capital of the MaldivesMALÉ
70.8%
D&D spell userMAGE
66.6%
Dishevel, usually with 'up'MUSS
61.9%
● Nickname of Arizona's NBA team ●●SUNS●
60.1%
Realize or grasp, usually with 'out'SUSS
52.8%

Today's Daily Dose

You're not logged in!

Compare scores with friends on all Sporcle quizzes.
Join for Free
OR
Log In

You Might Also Like...

Show Comments

Extras

Top Quizzes Today


Score Distribution

Your Account Isn't Verified!

In order to create a playlist on Sporcle, you need to verify the email address you used during registration. Go to your Sporcle Settings to finish the process.

Report this User

Report this user for behavior that violates our Community Guidelines.

Details: